| 000 | 01746cam a22004457i 4500 | ||
|---|---|---|---|
| 001 | 19109477 | ||
| 003 | NUST | ||
| 005 | 20240829114725.0 | ||
| 008 | 160526s2015 njua b 001 0 eng d | ||
| 010 | _a 2015452957 | ||
| 020 | _a9781119002253 (pbk.) | ||
| 020 | _a1119002257 | ||
| 035 | _a(OCoLC)ocn909318525 | ||
| 038 | _aAZHAR | ||
| 040 |
_aBTCTA _beng _cBTCTA _erda _dBDX _dNDD _dYDXCP _dCLE _dOCLCF _dCDX _dIAD _dWBT _dNGU _dORZ _dOMB _dDLC |
||
| 042 | _alccopycat | ||
| 050 | 0 | 0 |
_aQA76.9.I52 _bK64 2015 |
| 082 | 0 | 4 |
_a001.4226 _223 _bKNA |
| 100 | 1 |
_aKnaflic, Cole Nussbaumer, _eauthor. _9123567 |
|
| 245 | 1 | 0 |
_aStorytelling with data : _ba data visualization guide for business professionals / _cCole Nussbaumer Knaflic. |
| 246 | 3 | 0 | _aData visualization guide for business professionals |
| 260 |
_aHoboken, New Jersey : _bWiley, _c[2015] |
||
| 300 |
_axiii, 267 pages : _billustrations (some color) ; _c24 cm |
||
| 336 |
_atext _btxt _2rdacontent |
||
| 337 |
_aunmediated _bn _2rdamedia |
||
| 338 |
_avolume _bnc _2rdacarrier |
||
| 504 | _aIncludes bibliographical references and index. | ||
| 650 | 0 | _aInformation visualization. | |
| 650 | 0 | _aBusiness communication. | |
| 650 | 0 |
_aComputer graphics. _91225 |
|
| 650 | 0 |
_aBusiness presentations. _945897 |
|
| 650 | 7 |
_aBusiness communication. _2fast _0(OCoLC)fst00842419 _9125478 |
|
| 650 | 7 |
_aComputer graphics. _2fast _0(OCoLC)fst00872119 _91225 |
|
| 650 | 7 |
_aInformation visualization. _2fast _0(OCoLC)fst00973185 _9125479 |
|
| 650 | 7 |
_aE-BOOKBANK.SEECSTEXTBOOK _9125472 |
|
| 856 | _uhttp://10.250.8.41:8080/xmlui/handle/123456789/41785 | ||
| 906 |
_a7 _bcbc _ccopycat _d2 _encip _f20 _gy-gencatlg |
||
| 942 |
_2ddc _cBK |
||
| 999 |
_c609721 _d609721 |
||